Normal view
MARC view
Entry Personal Name
001 - CONTROL NUMBER
- control field: 2964
003 - CONTROL NUMBER IDENTIFIER
- control field: OSt
005 - DATE AND TIME OF LATEST TRANSACTION
- control field: 20240816151723.0
008 - FIXED-LENGTH DATA ELEMENTS
- fixed length control field: 240816|| aca||aabn | a|a d
040 ## - CATALOGING SOURCE
- Original cataloging agency: OSt
- Transcribing agency: OSt
100 ## - HEADING--PERSONAL NAME
- Personal name: Llewelyn, David
670 ## - SOURCE DATA FOUND
- Source citation: Work cat.: (OSt)10369: Cornish, Llewelyn and Aplin intellectual property : patent copyright trade marks and allied rights /, 2023.
